[Event "Nova Gorica op-B 11th"]
[Site "Nova Gorica"]
[Date "2006.01.28"]
[Round "3"]
[White "Devetak, Robert"]
[Black "Milinkovic, Zdravko"]
[Result "0-1"]
[WhiteElo "1677"]
[BlackElo "1986"]
[PlyCount "60"]
[EventDate "2006.01.27"]
[EventType "swiss"]
[EventRounds "9"]
[EventCountry "SLO"]
[SourceTitle "CBM 110 Extra"]
[Source "ChessBase"]
[SourceDate "2006.03.10"]
[SourceVersion "2"]
[SourceVersionDate "2006.03.10"]
[SourceQuality "1"]

1. e4 c5 2. Nf3 Nc6 3. d4 cxd4 4. Nxd4 e5 5. Nb5 d6 6. N1c3 a6 7. Na3 b5 8. Nd5 Be7 9. Be3 Rb8 10. Qd2 Nf6 11. Nxe7 Nxe7 12. f3 0-0 13. Rd1 Ne8 14. Bc5 Be6 15. Bxd6 Nxd6 16. Qxd6 Qa5+ 17. Qd2 Qb6 18. Bd3 Rbd8 19. b3 Ng6 20. g3 f5 21. exf5 Bxf5 22. Qc1 e4 23. Bxe4 Rxd1+ 24. Kxd1 Bxe4 25. fxe4 Qf2 26. Qd2 Qf3+ 27. Kc1 Qxh1+ 28. Kb2 Qxe4 29. Qa5 Qd4+ 30. Kb1 Rf1+ 0-1

[Event "SLO-chT2 West"]
[Site "Kranj"]
[Date "2005.10.16"]
[Round "4.4"]
[White "Trebizan, David"]
[Black "Milinkovic, Zdravko"]
[Result "1-0"]
[WhiteElo "1525"]
[BlackElo "1995"]
[PlyCount "155"]
[EventDate "2005.10.14"]
[EventType "team"]
[EventRounds "5"]
[EventCountry "SLO"]
[SourceTitle "EXT 2009"]
[Source "ChessBase"]
[SourceDate "2008.11.26"]
[SourceVersion "1"]
[SourceVersionDate "2008.11.26"]
[SourceQuality "1"]

1. d4 d5 2. Nf3 e6 3. c4 Be7 4. Nc3 Nf6 5. Bg5 Nbd7 6. e3 0-0 7. Be2 b6 8. 0-0 Bb7 9. Rc1 Rc8 10. cxd5 exd5 11. Qa4 a6 12. b4 b5 13. Qb3 Nb6 14. a4 c6 15. Bd3 g6 16. Rfe1 Nc4 17. e4 Re8 18. Re2 Nh5 19. Bxe7 Rxe7 20. g3 Qd7 21. exd5 cxd5 22. Rxe7 Qxe7 23. axb5 axb5 24. Nxb5 Qf6 25. Be2 Re8 26. Nc3 Ng7 27. Qc2 Ne6 28. Rd1 h5 29. h4 Rc8 30. Qb3 g5 31. hxg5 Nxg5 32. Nxg5 Qxg5 33. Na4 h4 34. Nc5 Re8 35. Bf1 Bc8 36. Qc3 Re3 37. Rd3 Rxd3 38. Qxd3 Bf5 39. Qf3 Bg4 40. Qf4 Qxf4 41. gxf4 Kf8 42. Bg2 Nb6 43. Kh2 Ke7 44. Bh3 Bf3 45. Kg1 Kd6 46. Bf1 Nc4 47. b5 Nb6 48. Bd3 Nc8 49. Kh2 Bg4 50. f3 Bxf3 51. Kh3 Nb6 52. Kxh4 f6 53. Bf5 Be2 54. Bd3 Bf3 55. Nb3 Nc4 56. Kg3 Bd1 57. Nc5 Bh5 58. Kf2 Be8 59. Bxc4 dxc4 60. b6 f5 61. Ke3 Bf7 62. b7 Kc7 63. Kd2 Bd5 64. Kc3 Kb8 65. Kb4 Kc7 66. b8Q+ Kxb8 67. Na4 Kc7 68. Kc5 Bf7 69. Nc3 Kd7 70. d5 Bg8 71. Kxc4 Bf7 72. Kd4 Kd6 73. Nb5+ Ke7 74. Ke5 Bg6 75. Nd4 Bh7 76. Nxf5+ Bxf5 77. Kxf5 Kd6 78. Ke4 1-0

[Event "SLO-chT2 West"]
[Site "Kranj"]
[Date "2005.10.15"]
[Round "2.4"]
[White "Pecnik, Primoz"]
[Black "Milinkovic, Zdravko"]
[Result "0-1"]
[WhiteElo "1821"]
[BlackElo "1995"]
[PlyCount "95"]
[EventDate "2005.10.14"]
[EventType "team"]
[EventRounds "5"]
[EventCountry "SLO"]
[SourceTitle "EXT 2009"]
[Source "ChessBase"]
[SourceDate "2008.11.26"]
[SourceVersion "1"]
[SourceVersionDate "2008.11.26"]
[SourceQuality "1"]

1. e4 c5 2. d4 cxd4 3. c3 dxc3 4. Nxc3 Nc6 5. Nf3 d6 6. Bc4 h6 7. 0-0 e6 8. Qe2 a6 9. Rd1 Qc7 10. Bf4 Be7 11. Rac1 Nf6 12. Bb3 e5 13. Be3 0-0 14. Nd5 Qd8 15. Bb6 Qd7 16. Nh4 Nxd5 17. exd5 Bxh4 18. dxc6 bxc6 19. Qc4 Bg5 20. Rc3 Bb7 21. Qe2 d5 22. Bc2 f5 23. Qh5 Qf7 24. Qxf7+ Rxf7 25. Ba4 Rc8 26. f3 g6 27. Kf2 Kg7 28. g3 d4 29. Rc4 Be3+ 30. Ke2 g5 31. Ba5 g4 32. Bd2 c5 33. Rf1 Bxf3+ 34. Ke1 Bg2 35. Bxe3 Bxf1 36. Bxh6+ Kxh6 37. Kxf1 f4 38. Ke2 f3+ 39. Kf1 Rb7 40. Bb3 e4 41. Rc2 c4 42. Bxc4 Rbc7 43. b3 d3 44. Rb2 Rxc4 45. bxc4 Rxc4 46. Rb6+ Kg5 47. Rb1 Rc2 48. h4+ 0-1

[Event "Portoroz op"]
[Site "Portoroz"]
[Date "2005.04.26"]
[Round "1"]
[White "Milinkovic, Zdravko"]
[Black "Zufic, Miroslav"]
[Result "0-1"]
[WhiteElo "1987"]
[BlackElo "2418"]
[PlyCount "80"]
[EventDate "2005.04.26"]
[EventType "swiss"]
[EventRounds "7"]
[EventCountry "SLO"]
[SourceTitle "EXT 2006"]
[Source "ChessBase"]
[SourceDate "2005.11.24"]
[SourceVersion "1"]
[SourceVersionDate "2005.11.24"]
[SourceQuality "1"]

1. d4 Nf6 2. c4 g6 3. Nc3 Bg7 4. e4 d6 5. Nf3 0-0 6. Bd3 Bg4 7. h3 Bxf3 8. Qxf3 Nc6 9. Be3 Nd7 10. Ne2 Nde5 11. dxe5 Nxe5 12. Qg3 Nxd3+ 13. Kf1 Nxb2 14. Rc1 Nd3 15. Rd1 Ne5 16. c5 Qe8 17. f4 Nc4 18. Bd4 e5 19. fxe5 dxe5 20. Bf2 Rd8 21. Rxd8 Qxd8 22. Be1 Nd2+ 23. Bxd2 Qxd2 24. Nc3 f5 25. Kg1 Bh6 26. Nd5 c6 27. Ne7+ Kf7 28. Qb3+ Kxe7 29. Qxb7+ Qd7 30. Qxd7+ Kxd7 31. exf5 gxf5 32. Kf2 Rb8 33. Rd1+ Ke7 34. Rd6 Rb2+ 35. Kf1 Bf4 36. Rxc6 e4 37. Ra6 e3 38. Rxa7+ Ke6 39. g4 e2+ 40. Kf2 Bg3+ 0-1

[Event "Trieste op-B 06th"]
[Site "Trieste"]
[Date "2004.09.07"]
[Round "4"]
[White "Milinkovic, Zdravko"]
[Black "Fantini, Marco"]
[Result "0-1"]
[WhiteElo "1700"]
[BlackElo "1852"]
[PlyCount "72"]
[EventDate "2004.09.04"]
[EventType "swiss"]
[EventRounds "9"]
[EventCountry "ITA"]
[SourceTitle "CBM 102 Extra"]
[Source "ChessBase"]
[SourceDate "2004.11.03"]
[SourceVersion "1"]
[SourceVersionDate "2004.11.03"]
[SourceQuality "1"]

1. d4 d5 2. c4 e6 3. Nc3 c5 4. e3 Nc6 5. cxd5 exd5 6. dxc5 Nf6 7. Bb5 Bxc5 8. Nf3 0-0 9. 0-0 Bg4 10. Be2 Qd7 11. Qb3 Rfe8 12. Rd1 Rad8 13. a3 a6 14. Qc2 Ba7 15. b4 Qe6 16. h3 Bf5 17. Bd3 Ne4 18. Ng5 Qg6 19. Bxe4 dxe4 20. Rxd8 Rxd8 21. g4 Qxg5 22. f4 Qxf4 23. gxf5 Qg3+ 24. Kf1 Qxh3+ 25. Qg2 Qxf5+ 26. Ke1 Ne5 27. Nxe4 Nd3+ 28. Ke2 Qb5 29. Qg5 Nxc1+ 30. Kf3 Qe2+ 31. Kg3 Bb8+ 32. Kh3 Qh2+ 33. Kg4 Qg2+ 34. Kh5 Qh3+ 35. Qh4 Rd5+ 36. Ng5 g6+ 0-1

[Event "Trieste op-B 06th"]
[Site "Trieste"]
[Date "2004.09.05"]
[Round "2"]
[White "Sossi, Enzo"]
[Black "Milinkovic, Zdravko"]
[Result "0-1"]
[WhiteElo "1440"]
[BlackElo "1700"]
[PlyCount "102"]
[EventDate "2004.09.04"]
[EventType "swiss"]
[EventRounds "9"]
[EventCountry "ITA"]
[SourceTitle "CBM 102 Extra"]
[Source "ChessBase"]
[SourceDate "2004.11.03"]
[SourceVersion "1"]
[SourceVersionDate "2004.11.03"]
[SourceQuality "1"]

1. e4 c5 2. Bc4 Nc6 3. a3 e5 4. Nc3 Nf6 5. d3 Be7 6. h3 d6 7. Nf3 h6 8. Bd2 a6 9. 0-0 0-0 10. Qc1 b5 11. Ba2 Nd4 12. Nxd4 cxd4 13. Ne2 Be6 14. f4 Bxa2 15. Rxa2 Qc7 16. f5 Nh7 17. Ng3 Rac8 18. b4 Bg5 19. Bxg5 Nxg5 20. Qd1 f6 21. Nh5 Qf7 22. Ra1 Qc7 23. Qg4 Rf7 24. h4 Nh7 25. Rf3 Kh8 26. Qg6 Qb7 27. Rc1 d5 28. Qg4 dxe4 29. dxe4 Rc4 30. Rd3 Qc6 31. c3 Nf8 32. Rg3 dxc3 33. Re3 c2 34. Kh2 Rc3 35. Qg3 Rc7 36. Qe1 Kh7 37. Qg3 Rxe3 38. Qxe3 Qc3 39. Qe2 Qc6 40. g4 Qc4 41. Qe3 Nd7 42. g5 hxg5 43. hxg5 Qc3 44. Qf2 Qd3 45. Qg2 Qd1 46. g6+ Kg8 47. Qh3 Qd2+ 48. Qg2 Qxc1 49. Qe2 Qh6 50. Kg2 c1Q 51. Qa2+ Rc4 0-1